Star Wars: Alien Races by Picture - Statistics

General Stats
  • This quiz has been taken 70 times
  • The average score is 12 of 16
Answer Stats
Picture Answer % Correct
Wookiee
100%
Ewok
98%
Human
98%
Hutt
98%
Gungan
91%
Jawa
89%
Kaminoan
89%
Tusken
86%
Twi'lek
78%
Geonosian
72%
Zabrak
67%
Mon Calamari
66%
Rodian
61%
Toydarian
55%
Trandoshan
45%
Neimoidian
34%
No matching quizzes found
Score Distribution
Percent of People with Each Score
Percentile by Number Answered
Your Score History
You have not taken this quiz